Datum a čas kvízu
14.5
Celkem bodů
Celkový počet nahraných bodů na tomto kvízu bez doplňovacích otázek.
9.
Pořadí na kvízu
Konečné umístění týmu na tomto kvízu.
Zaznamenané odpovědi
| # | Otázka | Odpověď | Body | Výsledky |
|---|---|---|---|---|
| 1. | Policie prověřuje bývalého šéf... | Robert Šlachta | 0 | |
| 2. | Jeden výrobce pneumatik zakáza... | Goodyear | 0 | |
| 3. | Minulý týden byla představena... | Patrik Hartl | 0 | |
| 4. | V úterý byl v Praze na Vltavě... | První český dům vytvořený technologií 3D tisku. | 0 | |
| 5. | Jeden český hokejový klub zmod... | Dynamo Pardubice | 1 | |
| 6. | Začneme u nás, konkrétně pohád... | Radúz a Mahulena | 0 | |
| 7. | Jak se jmenují tři sestry ve s... | C | 1 | |
| 8. | William Shakespeare pochopitel... | George Bernard Shaw | 0 | |
| 9. | Divadelní hry se samozřejmě ne... | Jiráskův Hronov | 0 | |
| 10. | Jak se jmenuje veleúspěšná hra... | Hrdý Budžes | 1 |